00525nam a2200145Ia 4500008004100000020001500041050002100056100003800077245008500115250001900200260003200219300003700251650003000288650006100318120626s2008 mx 000 0 spa d a9682436931 aLB1731 bH4 2008 aHeredia de Huerta, Berthaeautor  aManual para la elaboración de material didáctico c/ Bertha, Heredia Ancona  a3a. edición  aMéxicob: Trillasc, 2008 a176 páginas b: ilustraciones  aMATERIALES DIDÁCTICOS  aEDUCACIÓN ESTUDIO Y ENSEÑANZAxESTUDIO Y ENSEÑANZA